000 00659nam a2200277Ia 4500
005 20260324143449.0
008 008 260324s9999 xx 000 0 eng d
020 _a9780429034572
037 _aEBOOK
040 _aCRL
040 _beng
040 _cCRL
041 _2eng
041 _aeng
084 _qCRL
100 _aRobert E. Hunter; Dale W Adams
_91215727
245 0 _aInformal Finance In Low-income Countries
260 _bTaylor and Francis
260 _c1992
365 _a
365 _b230
856 _uhttp://www.taylorfrancis.com/books/9780429034572
942 _cEBOOK
999 _c1821165
_d1821165